000
00230nam a2200097Ia 4500
005
20251222114408.0
008
251222s1900||||xx |||||||||||||| ||spa||
082
_a
DVD0093/C76P/2006
245
0
_a
Planificación familiar:
942
_c
DVD
999
_c
1935
_d
1935